Hombres de paz y de reconciliación
محفوظ في:
| المؤلف الرئيسي: | |
|---|---|
| التنسيق: | كتاب |
| اللغة: | الإسبانية |
| منشور في: |
Santander
Sal Terrae
1988
|
| سلاسل: | Colección Servidores y Testigos
|
| الموضوعات: | |
| الوسوم: |
إضافة وسم
لا توجد وسوم, كن أول من يضع وسما على هذه التسجيلة!
|
MARC
| LEADER | 00000nam a2200000 a 4500 | ||
|---|---|---|---|
| 001 | UCX2601 | ||
| 003 | CL-VaPUC | ||
| 008 | 910704e19880000SP |||||||||||||||||spa|d | ||
| 082 | 0 | 4 | |a 248.4 |b MAR |2 21 |
| 100 | |a Martini, Carlo María |e autor |9 600928 | ||
| 245 | 1 | 0 | |a Hombres de paz y de reconciliación |
| 300 | |a 144 p | ||
| 942 | |c BK | ||
| 945 | |d 19910704 00:00:00 | ||
| 260 | |a Santander |b Sal Terrae |c 1988 | ||
| 650 | 0 | |a Ejercicios espirituales |9 318608 | |
| 583 | |a last modification |c 19910704 00:00:00 |k Rodrigo Vera | ||
| 490 | 0 | |a Colección Servidores y Testigos | |
| 999 | |c 223591 |d 223589 | ||
| 952 | |0 0 |1 0 |4 0 |6 248_400000000000000_MAR_1988 |7 0 |8 A |9 219553 |a BIBTEO |b BIBTEO |d 2019-11-15 |i 2882477 |o 248.4 MAR 1988 |p 2882477 |r 2025-01-17 |w 2019-11-15 |y BK |k ICR | ||